| 000 | 00603nam a2200181Ia 4500 | ||
|---|---|---|---|
| 008 | 151202s9999||||xx |||||||||||||| ||und|| | ||
| 082 | _bPNVM-27577 | ||
| 100 | _aखांबेटे दं.पा. | ||
| 245 | _aगुन्हेगारांच्या जगात. | ||
| 260 | _b--- | ||
| 260 | _c0 | ||
| 300 | _a0 | ||
| 600 | _aखांबेटे दं.पा. | ||
| 630 | _aगुन्हेगारांच्या जगात. | ||
| 700 | _aखांबेटे दं.पा. | ||
| 730 | _aगुन्हेगारांच्या जगात. | ||
| 942 | _cBOOK | ||
| 999 |
_c1293546 _d1293543 |
||